Lucky number 13? (Record no. 30723)

MARC details
000 -LEADER
fixed length control field 01041cab a2200241 4500
001 - CONTROL NUMBER
control field ABS44776
008 - FIXED-LENGTH DATA ELEMENTS--GENERAL INFORMATION
fixed length control field 090401t1991 xxu||||| |||| 00| 0 eng d
035 ## - SYSTEM CONTROL NUMBER
System control number (Sirsi) u49016
041 ## - LANGUAGE CODE
Language code of text/sound track or separate title eng
100 ## - MAIN ENTRY--PERSONAL NAME
Personal name Durkacz, V.
245 ## - TITLE STATEMENT
Title Lucky number 13?
260 ## - PUBLICATION, DISTRIBUTION, ETC.
Date of publication, distribution, etc. 1991
350 ## - PRICE (NR) (BK AM CF MU VM SE) [OBSOLETE]
Price 0
490 ## - SERIES STATEMENT
Series statement Taxation
Volume/sequential designation 127(3305) 6 June 1991, 246-240(4)
520 ## - SUMMARY, ETC.
Summary, etc. Lists thirteen problem areas concerned with VAT on construction , land and property including careless issue of zero-rating certificates, forgetting the self-supply charge, adjustment of contracts with changes in tax, non-monetary transactions, surrender of leasehold interests in a property, transfer of going concerns , deregistration, options to tax and the capital goods adjustment scheme.
650 ## - SUBJECT ADDED ENTRY--TOPICAL TERM
Topical term or geographic name entry element FINANCE ACT 1965 S13A
650 ## - SUBJECT ADDED ENTRY--TOPICAL TERM
Topical term or geographic name entry element VALUE ADDED TAX ACT 1983
650 ## - SUBJECT ADDED ENTRY--TOPICAL TERM
Topical term or geographic name entry element VALUE ADDED TAX SELF SUPPLY ON CONSTRUCTION SERVICES ORDER 1989
650 ## - SUBJECT ADDED ENTRY--TOPICAL TERM
Topical term or geographic name entry element VALUE ADDED TAX SPECIAL PROVISIONS ORDER 1981
690 ## - LOCAL SUBJECT ADDED ENTRY--TOPICAL TERM (OCLC, RLIN)
Topical term or geographic name as entry element TAXATION
942 ## - ADDED ENTRY ELEMENTS (KOHA)
Suppress in OPAC 0
948 ## - LOCAL PROCESSING INFORMATION (OCLC); SERIES PART DESIGNATOR (RLIN)
c (OCLC) 04/03/1997
Holdings
Withdrawn status Lost status Source of classification or shelving scheme Damaged status Not for loan Home library Current library Shelving location Date acquired Total Checkouts Full call number Barcode Date last seen Copy number Price effective from Koha item type
    Dewey Decimal Classification     London London Journal article 14/09/1999   ABS44776 49016-1001 06/08/2019 1 06/08/2019 Journal article